000
00274nam a2200097Ia 4500
008
220204s9999 xx 000 0 und d
082
_a
655.4(058)
_b
NEW
245
0
_a
New India directory of publishers and booksellers
260
_a
New delhi
_b
New Book Soc of India
942
_c
BK
999
_c
20224
_d
20224